000 00325nam a2200133Ia 4500
008 220204s9999 xx 000 0 und d
082 _a58/581
_bDEL
100 _aDelevoryas, Theodore
245 0 _aPlant diversification
250 _aEd.2
260 _aNew York
_bHolt Reinhart
_c1977
650 _aPaleobotany
942 _cBK
999 _c26433
_d26433